Pokémon General Knowledge Quiz - Statistics

General Stats
  • This quiz has been taken 511 times
  • The average score is 7 of 15
Answer Stats
Question Answer % Correct
What animal is the Pokémon Wooper based off? Axolotls
81%
Which Pokémon was originally going to be the franchise mascot? Clefairy
81%
In the Pokemon Anime, how does Brock obtain Onix? His Dad passes down his Onix
64%
The item 'razor claw' has what purpose? To evolve Sneasel to Weavile
64%
What was the first pure flying type Pokémon released? Tornadus
60%
How many resistances does the steel type have? 10
45%
How many mega evolutions from gen 4 were introduced in X and Y? 3
43%
What base power does the ground type move 'Earth Power' have? 90
43%
In the main series, which healing item restores exactly 70hp to a Pokémon? Lemonade
40%
In Pokémon Go, which community day took place on the 10th November 2018? Cyndaquil
36%
Which Pokémon has the Pokedex entry 218? Slugma
31%
What is the most popular destination according to fans in the region of Galar? Circhester
26%
From the original generation 1 games, which of these statements is incorrect? Ghost only had two strengths
26%
In pokemon Go, when was shiny Magikarp released? 24th March 2017
19%
Which Pokémon is the most unpopular Pokémon in the world based on google searches? Watchog
19%
No matching quizzes found
Score Distribution
Percent of People with Each Score
Percentile by Number Answered
Your Score History
You have not taken this quiz